00431 2200145 4500001002100000008004100021035002000062245007200082100002400154260003700178300002800215084001600243082000800259990001800267INLIS000000000000225 ind  a0010-0724000225 aSuak Air MengubukbMemberi Inspirasi dan SolusicTim Prestasi Jatim aJatim, Tim Prestasi aSurabaya :bRumah Menulis,c2020 a176 hlm.c14,5 x 21 cm. a153.8 TIM s a153 aP29/CP/24/225